Contabilidad de costos y su contribución (Registro nro. 1984)

Detalles MARC
000 -LEADER
fixed length control field 01458 a2200205 4500
001 - CONTROL NUMBER
control field 29948
005 - DATE AND TIME OF LATEST TRANSACTION
control field 20260407155610.0
008 - FIXED-LENGTH DATA ELEMENTS--GENERAL INFORMATION
fixed length control field 260407a1974 arg spa d
003 - CONTROL NUMBER IDENTIFIER
control field AR-UNSa-BCEJYS
040 ## - CATALOGING SOURCE
Original cataloging agency AR-UNSa-BCEJYS
Language of cataloging spa
Transcribing agency AR-UNSa-BCEJYS
080 ## - UNIVERSAL DECIMAL CLASSIFICATION NUMBER
Universal Decimal Classification number 657.474.5
Common auxiliary subdivision Cálculo de costes. Estimación. Métodos de cálculo<br/>
100 1# - MAIN ENTRY--PERSONAL NAME
Personal name Böer, Germain B.
245 10 - TITLE STATEMENT
Title Contabilidad de costos y su contribución
Name of part/section of a work sistema integrado de contabilidad administrativa
264 #1 - PRODUCTION, PUBLICATION, DISTRIBUTION, MANUFACTURE, AND COPYRIGHT NOTICE
Place of production, publication, distribution, manufacture México :
Name of producer, publisher, distributor, manufacturer Limusa
Date of production, publication, distribution, manufacture, or copyright notice 1974
300 ## - PHYSICAL DESCRIPTION
Extent ix, 262 p.
Dimensions 24 cm.
505 ## - FORMATTED CONTENTS NOTE
Formatted contents note 1. Un sistema de decisión para el costeo directo - 2. Conceptos y comportamiento del costo - 3. Análisis del costo y presupuestos flexibles de gastos de producción - 4. Contabilidad por áreas de responsabilidad - 5. Costeo directo del producto - 6. Sistemas de información sobre los costos de producción - 7. Sistemas de información sobre mercadeo - 8. Análisis de costo-volumen-utilidad - 9. Análisis de la contribución - 10. Los costos directos en las decisiones de los precios - 11. Aplicaciones adicionales de la información de costos directos en las decisiones de precios - 12. El costeo directo en las entidades de servicio - 13. Las contabilidad admnistrativa y el comportamiento humano - 14. Establecimiento de un costeo directo - 15. Costos directos; Algunos problemas y revisiones
590 ## - LOCAL NOTE (RLIN)
Local note niveau_biblio:m niveau_hierar:0
700 1# - ADDED ENTRY--PERSONAL NAME
Personal name Calvet Perez, Ricardo
942 ## - ADDED ENTRY ELEMENTS (KOHA)
Koha item type
Existencias
Withdrawn status Lost status Damaged status Not for loan Home library Current library Shelving location Date acquired Total checkouts Full call number Barcode Date last seen Price effective from Koha item type
        Biblioteca Prof. Eusebio Cleto del Rey Biblioteca Prof. Eusebio Cleto del Rey   07/04/2026   657.474.5 B672 L33892 07/04/2026 07/04/2026 Libro
        Biblioteca Prof. Eusebio Cleto del Rey Biblioteca Prof. Eusebio Cleto del Rey   07/04/2026   657.474.5 B672 L44498 07/04/2026 07/04/2026 Libro